| 000 | 00383pam a2200157a 44500 | ||
|---|---|---|---|
| 008 | 230515b2006 xxu||||| |||| 00| 0 eng d | ||
| 020 | _aNULL | ||
| 041 | _aENGLISH | ||
| 082 | _a5.13 | ||
| 100 | _aSTEVENS. RICHARD. W. | ||
| 245 | _aADVANCED PROGRAMMING IN THE UNIX ENVIRONMENT | ||
| 250 | _a2006 | ||
| 260 |
_aPUNE _bPEARSON EDUCATION _c2006 |
||
| 300 | _a734P | ||
| 650 | _aNULL | ||
| 999 |
_c662664 _d662664 |
||